000 00815cam a2200217 4500
001 WB3642-18
008 000000n2000 000 0 eng u
035 _a(Sirsi) u108934
245 _aHomebuyers' websites
260 _c2000
490 _aSunday Business
_v22 October 2000, 49(1)
520 _aThe growth of property websites has made it difficult for homebuyers to pick reliable sites and keep up with changes in the field. Article splits the online property market into four sectors and discusses the websites' intentions and coverage. List of homebuyers' websites.
590 _aWB
650 _aINTERNET
650 _aWEBSITES
650 _aHOUSE SALES
650 _aHOMEBUYERS
650 _aHOUSING MARKET
690 _aPROPERTY-RESIDENTIAL PROPERTY-RESIDENTIAL PROPERTY MARKET
942 _n0
999 _c65042
_d65042